Normal view
MARC view
Entry Personal Name
001 - CONTROL NUMBER
- control field: 30041
003 - CONTROL NUMBER IDENTIFIER
- control field: dpl
005 - DATE AND TIME OF LATEST TRANSACTION
- control field: 20110725162837.0
008 - FIXED-LENGTH DATA ELEMENTS
- fixed length control field: 110725|||a|||||| | ||| d
040 ## - CATALOGING SOURCE
- Original cataloging agency: dpl
- Transcribing agency: dpl
100 ## - HEADING--PERSONAL NAME
- Personal name: Tiwari, Wishwa Mohan
670 ## - SOURCE DATA FOUND
- Source citation: Work cat.: (dpl): Tiwari, Wishwa Mohan , Joy of bird watching / , 2005
670 ## - SOURCE DATA FOUND
- Source citation: Work cat.: (dpl): Tiwari, Wishwa Mohan , Joy of bird watching / , 2005
